| 000 | 01698nam a2200505 i 4500 | ||
|---|---|---|---|
| 001 | 6575 | ||
| 003 | KOSZ 005 | ||
| 005 | 20191009123718.0 | ||
| 008 | 970510s1994 pl a f f |001 0 pol | ||
| 015 | _aPB 1994/7076 | ||
| 020 | _a830111388X | ||
| 035 | _a991000586539705066 | ||
| 035 | _a(PL-WaBN)b10198416-48omnis_nlop | ||
| 035 | _ab10198416 | ||
| 035 | _a(OCoLC)749581687 | ||
| 035 | _a(PL)b0000001019841 | ||
| 035 | _a(EXLNZ-48OMNIS_NETWORK)9910369500905606 | ||
| 040 |
_aWA N _cWA N _dKOSZ 005/EG |
||
| 041 | _apol | ||
| 046 | _k1994 | ||
| 080 | _a548 | ||
| 080 | _a(075.8) | ||
| 100 | 1 |
_aTrzaska Durski, Zygmunt _d(1931-2009) _eAutor |
|
| 245 | 1 | 0 |
_aPodstawy krystalografii strukturalnej i rentgenowskiej / _cZygmunt Trzaska Durski, Hanna Trzaska Durska. |
| 260 |
_aWarszawa : _bWydaw. Naukowe PWN, _c1994. |
||
| 300 |
_a305, [2] s. : _brys., wykr. ; _c24 cm. |
||
| 336 |
_2rdacontent _aTekst _btxt |
||
| 337 |
_2rdamedia _aBez urządzenia pośredniczącego _bn |
||
| 338 |
_2rdacarrier _aWolumin _bnc |
||
| 380 | _aKsiążki | ||
| 380 | _aPublikacje dydaktyczne | ||
| 385 |
_mPoziom nauczania _aSzkoły wyższe |
||
| 388 | _a1901-2000 | ||
| 388 | _a1989-2000 | ||
| 504 | _aBibliogr. s. 297-299. - Indeks. | ||
| 650 | 7 |
_aKrystalografia _2DBN |
|
| 650 | 7 |
_aKrystalografia rentgenowska _2DBN |
|
| 655 | 7 |
_aPodręczniki akademickie _2DBN |
|
| 658 | _aGeografia i nauki o Ziemi | ||
| 700 | 1 |
_aTrzaska Durska, Hanna _eAutor |
|
| 710 | 2 |
_aWydawnictwo Naukowe PWN _4pbl |
|
| 856 |
_uhttp://koha.tu.koszalin.pl/cgi-bin/koha/opac-detail.pl?biblionumber=6575 _yKatalog online BPK |
||
| 942 |
_2UKD _cKS |
||
| 999 |
_c6575 _d6575 |
||